[Event "SVR-ch MAT-II 38th"]
[Site "Nickenich"]
[Date "2015.03.29"]
[Round "3"]
[White "Breuer, Yannick"]
[Black "Zirwes, Hans Juergen"]
[Result "1-0"]
[WhiteElo "1831"]
[BlackElo "1909"]
[PlyCount "91"]
[EventDate "2015.03.28"]
[EventType "tourn"]
[EventRounds "7"]
[EventCountry "GER"]
[SourceTitle "EXT 2016"]
[Source "ChessBase"]
[SourceDate "2015.10.08"]
[SourceVersion "1"]
[SourceVersionDate "2015.10.08"]
[SourceQuality "1"]

1. e4 Nf6 2. e5 Nd5 3. d4 d6 4. Nf3 dxe5 5. Nxe5 Nd7 6. Nxf7 Kxf7 7. Qh5+ g6 8. Qxd5+ e6 9. Qf3+ Nf6 10. c3 Be7 11. Bc4 c6 12. 0-0 Qa5 13. Bf4 Qh5 14. Nd2 Re8 15. Rfe1 Qxf3 16. Nxf3 Nd5 17. Bg3 Bf6 18. Bb3 b5 19. Be5 Bd7 20. Re2 Rad8 21. Rae1 h5 22. g3 g5 23. Bxf6 Kxf6 24. Ne5 Re7 25. Kg2 Be8 26. Bc2 Rd6 27. Nd3 Bg6 28. Nc5 Bxc2 29. Rxc2 Rd8 30. Re5 Kg6 31. Rce2 Nf6 32. Nxe6 Rde8 33. Nf4+ Kf7 34. Rxe7+ Rxe7 35. Rxe7+ Kxe7 36. Nd3 Kd6 37. Kf3 a5 38. h4 Nh7 39. hxg5 Nxg5+ 40. Ke3 Ne6 41. Nf4 Ng7 42. Ke4 a4 43. b3 a3 44. c4 b4 45. c5+ Kd7 46. Nd3 1-0

[Event "Karl Mala Memorial op-A 16th"]
[Site "Frankfurt"]
[Date "2013.07.13"]
[Round "4"]
[White "Breuer, Yannick"]
[Black "Kunz, Konstantin"]
[Result "0-1"]
[WhiteElo "1874"]
[BlackElo "2184"]
[PlyCount "60"]
[EventDate "2013.07.11"]
[EventType "swiss"]
[EventRounds "7"]
[EventCountry "GER"]
[SourceTitle "EXT 2014"]
[Source "ChessBase"]
[SourceDate "2013.11.20"]
[SourceVersion "1"]
[SourceVersionDate "2013.11.20"]
[SourceQuality "1"]

1. e4 c5 2. d4 cxd4 3. c3 Nf6 4. e5 Nd5 5. cxd4 d6 6. Nf3 Nc6 7. Bc4 Nb6 8. Bb3 dxe5 9. Nxe5 e6 10. Nxc6 bxc6 11. 0-0 g6 12. Bf4 Bg7 13. Be5 0-0 14. Nc3 Ba6 15. Re1 Bc4 16. Ne4 Bd5 17. Nc5 Nd7 18. Nxd7 Qxd7 19. Rc1 Qb7 20. Rc3 Rfd8 21. Qc2 Rac8 22. Rc1 Bxe5 23. dxe5 c5 24. f4 c4 25. Bxc4 Rxc4 26. Rxc4 Bxc4 27. Qxc4 Qb6+ 28. Qc5 Rd1+ 29. Rxd1 Qxc5+ 30. Kf1 Qc4+ 0-1